000 00784nas a22002177a 4500
008 130514t20109999ag ||||| |||| 00| 0 spa d
245 _aColeccion Trabajos Clave
260 _aBuenos Aires,
_bSociedad Iberoamericana de Informacion Cientifica:
_c2010
300 _av. :
440 _aInsomnio y Trastorno de Ansiedad Generalizado
_92253
546 _aespañol
590 _aIndizada en: SIIC Data Bases
590 _aExistencias: 2010 (1 ejemplar)
650 _aTRASTORNOS DEL INICIO Y DEL MANTENIMIENTO DEL SUEÑO-TRATAMIENTO
_92254
650 _aESCITALOPRAM
_92064
650 _aESZOPICLONA
_92255
650 _aTRASTORNOS DE ANSIEDAD-TRATAMIENTO
_92256
650 _aINSOMNIO-TRATAMIENTO
_92257
856 _uhttp://www.siicsalud.com/lmr/siicdatabases.php
942 _2ddc
_cCR
999 _c1411
_d1411